Ngữ văn 6
Sách tiếp theo nội dung của sách ngữ văn 6 tập một. Gồm những bài văn, thơ, truyện và kí giúp học sinh rèn luyện ngữ pháp tiếng Việt và hướng dẫn các em cách làm một bài văn miêu tả.
Đã lưu trong:
| Príomhúdar: | |
|---|---|
| Formáid: | Leabhar |
| Teanga: | Undetermined |
| Foilsithe: |
Hà Nội
Giáo dục
2010
|
| Ábhair: | |
| Clibeanna: |
Cuir Clib Leis
Gan Chlibeanna, Bí ar an gcéad duine leis an taifead seo a chlibeáil!
|
| Thư viện lưu trữ: | Trung tâm Học liệu Trường Đại học Cần Thơ |
|---|
| LEADER | 00916nam a2200217Ia 4500 | ||
|---|---|---|---|
| 001 | CTU_158005 | ||
| 008 | 210402s9999 xx 000 0 und d | ||
| 020 | |c 5400 | ||
| 082 | |a 495.9220712 | ||
| 082 | |b Ph300/T.2/L.6 | ||
| 100 | |a Nguyễn, Khắc Phi | ||
| 245 | 0 | |a Ngữ văn 6 | |
| 245 | 0 | |c Nguyễn Khắc Phi (tổng chủ biên) | |
| 260 | |a Hà Nội | ||
| 260 | |b Giáo dục | ||
| 260 | |c 2010 | ||
| 520 | |a Sách tiếp theo nội dung của sách ngữ văn 6 tập một. Gồm những bài văn, thơ, truyện và kí giúp học sinh rèn luyện ngữ pháp tiếng Việt và hướng dẫn các em cách làm một bài văn miêu tả. | ||
| 650 | |a Literature | ||
| 650 | |x Study and teaching (Secondary) | ||
| 904 | |i Phan Thị Kim Lan (Đào Thị Bé Ba) | ||
| 980 | |a Trung tâm Học liệu Trường Đại học Cần Thơ | ||